Plants that belong to soapberry family (Sapindaceae) - sudden death - Statistics

General Stats
  • This quiz has been taken 9 times
  • The average score is 4 of 10
Answers on the Grid
Answers color-coded by a green-red scale on the quiz's grid according to % correct below.
Common beech
Cork oak
Sugar maple
Narrow-leaved ash
Sweet chestnut
Horse chestnut
White willow
Silver birch
Field maple
Black alder
Catalpa
Serjania
Lychee
Persimmon
White poplar
Goldenrain tree (Koelreuteria)
American white ash
Red buckeye
Hop-hornbeam
Red firethorn
Sycamore maple
Sessile oak
Common aspen
Ackee
Common hornbeam
Wingleaf soapberry
Pecan
Breadfruit
 
Answer Stats
Answer % Correct
Sugar maple
71%
Goldenrain tree (Koelreuteria)
57%
Wingleaf soapberry
57%
Ackee
43%
Field maple
43%
Lychee
43%
Sycamore maple
43%
Horse chestnut
29%
Red buckeye
14%
Serjania
0%
No matching quizzes found
Score Distribution
Percent of People with Each Score
Percentile by Number Answered
Your Score History
You have not taken this quiz